The library : an illustrated history
The history of libraries from ancient to modern times is presented through a review of the types of documents stored, the structures themselves, the way they have been managed, and the important part they have played in every culture around the world
Salvato in:
| Autore principale: | |
|---|---|
| Natura: | Libro |
| Lingua: | Undetermined |
| Pubblicazione: |
New York
Skyhorse Pub.
2009
|
| Soggetti: | |
| Tags: |
Aggiungi Tag
Nessun Tag, puoi essere il primo ad aggiungerne! !
|
| Thư viện lưu trữ: | Trung tâm Học liệu Trường Đại học Cần Thơ |
|---|
| LEADER | 00910nam a2200229Ia 4500 | ||
|---|---|---|---|
| 001 | CTU_198828 | ||
| 008 | 210402s9999 xx 000 0 und d | ||
| 020 | |c 1107000 | ||
| 082 | |a 027.009 | ||
| 082 | |b M984 | ||
| 100 | |a Murray, Stuart | ||
| 245 | 4 | |a The library : | |
| 245 | 3 | |b an illustrated history | |
| 245 | 0 | |c Stuart A.P. Murray ; introduction by Donald G. Davis, Jr. ; foreword by Nicholas A. Basbanes | |
| 260 | |a New York | ||
| 260 | |b Skyhorse Pub. | ||
| 260 | |c 2009 | ||
| 520 | |a The history of libraries from ancient to modern times is presented through a review of the types of documents stored, the structures themselves, the way they have been managed, and the important part they have played in every culture around the world | ||
| 650 | |a Libraries,Thư viện | ||
| 650 | |x History,Lịch sử | ||
| 904 | |i Bằng | ||
| 980 | |a Trung tâm Học liệu Trường Đại học Cần Thơ | ||